| 000 | 00532nam a2200181 i 4500 | ||
|---|---|---|---|
| 001 | 65484 | ||
| 003 | ES-MaACL | ||
| 005 | 20230906165358.0 | ||
| 007 | t| | ||
| 008 | 040114s1973 sp ||||1| spa d | ||
| 100 | 1 |
_aFrewin, Leslie. _952560 |
|
| 245 | 1 | 0 |
_aMarlene Dietrich / _cLeslie Frewin ; [traducido por Amparo García Burgos]. |
| 250 | _a[1ª ed.]. | ||
| 260 |
_aBarcelona : _bGrijalbo, _c[1973] |
||
| 300 |
_a237 p., 4 lám. ; _c20 cm. |
||
| 700 | 1 |
_aGarcía Burgos, Amparo. _954298 |
|
| 852 |
_aES-MaACL _jC-49590 _bR.87779 |
||
| 999 |
_c65484 _d65484 |
||